Tayar basikal pancit

Bibliographic Details
Main Author: Hamdan Mohd Ali
Format: Book
Published: Kuala Lumpur : Ilmu media trade , 2006
Series:Siri pandai jawi
Subjects:

MARC

LEADER 00000cam a2200000 7i4500
001 0000005061
005 20151222.0
008 070801
020 |a 983329653X(set) 
020 |a 9833296610 
090 0 0 |a JF   |b JAW (5431) 
100 0 |a Hamdan Mohd Ali 
245 1 0 |a Tayar basikal pancit   |c Hamdan Mohd Ali 
260 |a Kuala Lumpur :   |b Ilmu media trade ,   |c 2006 
440 |a Siri pandai jawi 
500 |a Children ages 7-9 years old (orange) 
650 0 |a Children's stories,Malay 
650 0 |a Malay fiction 
999 |a 0000978753   |b Book   |c Children Collection   |e Cawangan Urban Transformation Centre 
999 |a 0000978754   |b Book   |c Children Collection   |e Cawangan Sri Merlong 
999 |a 0000978755   |b Book   |c Children Collection   |e Cawangan Tangkak 
999 |a 0001134970   |b Book   |c Children Collection   |e Cawangan Bukit Gambir